• 首页
  • 本馆介绍
  • 公告通知
  • 最新文献
  • 馆藏检索
  • 电子资源
  • 读者导购
  • 参考咨询
  • 我的图书馆
  • 登录
  • 详细信息显示
  • 放入我的书架
  • 预约/预借图书
  • 作者相关作品
  • 分类相关作品
  • 丛书相关作品
  • 出版社相关作品

书目信息

  • 表格格式
  • 工作单格式
  • 卡片格式
题名:
关于人道主义和异化问题论文集
    
 
作者:
分册:  
出版信息: 北京   人民出版社  1984
页数: 74页
开本: 19cm
丛书名:
单 册:
中图分类: B82 , B82-061
科图分类:
主题词: 人道主义--文集 , 伦理学 , 异化(哲学)--文集
电子资源:
ISBN:
000 00670nam0 2200253 45
001 0184010566
005 20060720103915.51
010    @dCNY0.19
091    @aCN@b2001.251
100    @a19950703d1984 em y0chiy0121 ea
101 0  @achi
102    @aCN@b110000
105    @ay z 000yy
200 10 @a关于人道主义和异化问题论文集@Aguan yu ren dao zhu yi he yi hua wen ti lun wen ji
210    @a北京@c人民出版社@d1984
215    @a74页@d19cm
606    @a人道主义@x文集
606 0  @a伦理学
606    @a异化(哲学)@x文集
690    @aB82
690    @aB82-061@v3
801  2 @aCN@bNLC@c20060720
801  0 @aCN@b上海图书馆@c20040424
905    @f1@b254303@dB82@e179
    
    关于人道主义和异化问题论文集.-北京:人民出版社,1984
    74页;19cm
    
    
    ISBN :CNY0.19
    
●
相关链接 在E读中查询图书 在五车中查询图书 在当当中查询图书 在豆瓣中查询图书


正题名:关于人道主义和异化问题论文集     索取号:B82/179         预约/预借

序号 登录号 条形码 馆藏地/架位号 状态 备注
1 0424642   204246422   密集书库/ [索取号:B82/179] 在馆    
2 0424649   204246495   密集书库/ [索取号:B82/179] 在馆    
3 0424653   204246538   密集书库/ [索取号:B82/179] 在馆    
4 0424657   204246574   密集书库/ [索取号:B82/179] 在馆    
5 0424661   204246618   密集书库/ [索取号:B82/179] 在馆    
唐山师范学院图书馆 欢迎您!
大连网信软件有限公司© 版权所有